Puissance de 2 - Statistiques

Statistiques générales
  • Ce quiz a été pris 158 fois
  • Le résultat moyen est 13 sur 15
Statistiques - réponses
Hint Réponse % Correct
2^1 2
100%
2^2 4
100%
2^4 16
99%
2^5 32
99%
2^6 64
99%
2^3 8
99%
2^7 128
98%
2^8 256
96%
2^9 512
94%
2^10 1024
91%
2^11 2048
89%
2^12 4096
85%
2^13 8192
69%
2^14 16384
53%
2^15 32768
43%
Aucun quiz correspondant
Distribution des résultats
% des personnes avec chaque résultat
Percentile par nombre de réponses
Votre historique - résultats
Vous n’avez pas pris ce quiz